Pin the city on the state - Wisconsin Quiz Stats

Quiz not verified by Sporcle

Challenge
Share
Tweet
Score 0/9 Timer 02:00
0 Plays Today
% Correct
Milwaukee
96.9%
Madison
95.6%
Green Bay
94.9%
Kenosha
79.2%
Appleton
78.5%
Superior
76.8%
Eau Claire
75.1%
Wausau
61.8%
Rhinelander
40.3%

You're not logged in!

Compare scores with friends on all Sporcle quizzes.
Sign Up with Email
OR
Log In

You Might Also Like...

Show Comments

Extras

Top Quizzes Today


Score Distribution

Your Account Isn't Verified!

In order to create a playlist on Sporcle, you need to verify the email address you used during registration. Go to your Sporcle Settings to finish the process.

Report this User

Report this user for behavior that violates our Community Guidelines.

Details: